Chansons de Sum 41- Mort Subite - Statistiques

Statistiques générales
  • Ce quiz a été pris 33 fois
  • Le résultat moyen est 11 sur 22
Answers on the Grid
Answers color-coded by a green-red scale on the quiz's grid according to % correct below.
What I Believe
Machine Gun
Pieces
Heart Attack
In Too Deep
88
Rhythms
Fat Lip
The Hell Song
Over My Head
Still Waiting
Mr. Amsterdam
No Reason
Welcome To Hell
With Me
Best Of Me
Walking Disaster
Underclass Hero
Noots
Screaming Bloody Murder
Skumfuk
Happiness Machine
New Divide
Got The Life
Nothing Else Matters
Holiday
Animals
Out Of Control
People Are Strange
Lithium
New Gold Dream
Temperature
I'm Just a Kid
Feeling This
The River
Summer Paradise
 
Statistiques - réponses
Réponse % Correct
In Too Deep
86%
Still Waiting
75%
Fat Lip
71%
The Hell Song
71%
Pieces
68%
Over My Head
64%
With Me
61%
No Reason
57%
Underclass Hero
50%
Screaming Bloody Murder
46%
Walking Disaster
46%
Welcome To Hell
46%
88
43%
Best Of Me
43%
Heart Attack
36%
Mr. Amsterdam
36%
Machine Gun
29%
Noots
29%
Rhythms
29%
Happiness Machine
25%
Skumfuk
25%
What I Believe
25%
Aucun quiz correspondant
Distribution des résultats
% des personnes avec chaque résultat
Percentile par nombre de réponses
Votre historique - résultats
Vous n’avez pas pris ce quiz